000
00248nam a2200097Ia 4500
001
679741
005
20250826161102.0
008
250824s9999 xx 000 0 und d
245
0
_a
AİLEDE GREV VAR
_c
CHİARA LOSSANİ
260
_b
GÜNIŞIĞI YAYINLARI
999
_c
679741
_d
679741